000 00966nam a22001817a 4500
999 _c59063
_d59063
003 Ge_BSU
005 20221115162013.0
008 221115s2005 ge ||||| |||| 00| 0 geo d
020 _a9992899859
041 _ageo
080 _a342.9(075.8) ზ-76
245 _aზოგადი ადმინისტრაციული სამართლის სახელმძღვანელო = Lehrbuch zum allgemeinen verwaltungsrecht /
_cზურაბ ადეიშვილი, ქეთევან ვარდიაშვილი, ლევან იზორია და სხვ.
264 _aთბილისი :
_bსაგამომც. საქმის სასწ. ცენტრი,
_c2005.
300 _a362 გვ. ;
_b20 სმ.
653 _aადმინისტრაციული სამართალი
700 _aადეიშვილი, ზურაბ
_eავტორი
_915837
942 _2udc
_cBK